Harry Potter Word Ladder Quiz Stats

Quiz Updated Oct 5, 2012

Challenge
Share
Tweet
Embed
Score 0/54 Timer 06:00
12 Plays Today
Clue Ladder % Correct
Knight Bus conductor Shunpike*◆STAN◆
89.8%
One-half of the Weasley twins*◆FRED◆
89.6%
What the incantation 'Stupefy' does*◆STUN◆
88.8%
Gryffindor Thomas*◆DEAN◆
84.4%
Ravenclaw Lovegood*◆LUNA◆
83.4%
What hay is to horses and seed is to hensFEED
83.3%
A document showing you have ownership of propertyDEED
83.1%
Hagrid's loyal boarhound*◆FANG◆
82.9%
What Sir Nicholas de Mimsy Porpington is*◆DEAD◆
82.3%
A sudden loud noiseBANG
80.9%
Harry's is holly with phoenix feather*◆WAND◆
79.9%
What you might hum or singTUNE
78.1%
Oliver Wood portrayer Biggerstaff*◆SEAN◆
77%
Hermione might consult this ancient stone writing*◆RUNE◆
76.8%
Umbridge hating centaur*◆BANE◆
76.4%
One of Voldemort's Horcruxes*◆RING◆
76.3%
What the moon does when not waxingWANE
75.9%
What you did to get puppiesBRED
75.7%
One step of this, or any ladderRUNG
75.7%
Rapper Snoop (formerly)DOGG
75.6%
A fish, or American football coachTUNA
75.4%
Daily Prophet writer Skeeter*◆RITA◆
75.1%
A curve in the roadBEND
74.1%
Dumbledore's close friend Elphias*◆DOGE◆
72.9%
Harry's mother*◆LILY◆
72.1%
Chinese aesthetics, with 'shui'FENG
71%
A drink, with 'colada'PINA
71%
Clue Ladder % Correct
Oldest of the Weasley Children*◆BILL◆
70.8%
Flat bread with a pocket insidePITA
69.1%
Precedes, 'Where's my car?'DUDE
68.6%
To keep or ward offFEND
67.9%
A type of tree, or actor ChrisPINE
67.3%
Former Quidditch player Bagman*◆LUDO◆
67%
Old squib Arabella who lives near the Dursley's*◆FIGG◆
66%
Terra firmaLAND
64.4%
Rebecca De Mornay's character in 'Risky Business'LANA
62.6%
A modern form of jujitsoJUDO
62.2%
Around the world protaganist PhileasFOGG
61.9%
Beatles subject who shouldn't, 'Make it bad'JUDE
61.6%
To stack atop one anotherPILE
61.2%
An unintelligent person or slang for drugsDOPE
60.7%
A form of medicine or bugPILL
59.5%
To fool someoneDUPE
57.8%
An ancient ritualRITE
57.6%
Overlook's command line tool, or a digit with no 'er'FING
57%
Full of trickery, slyWILY
54.5%
A small ball for stringing or threadingBEAD
54.4%
First name of Warner Brothers CoyoteWILE
53.7%
A tapered nail with a small headBRAD
53.2%
Ill temper, irascibilityBILE
52.1%
A stringed instrumentLUTE
51.6%
A small parasitic arachnidMITE
50.6%
To be or make silentMUTE
49.1%
Short form of proprietary name for methaqualoneLUDE
48.5%

You're not logged in!

Compare scores with friends on all Sporcle quizzes.
Sign Up with Email
OR
Log In

You Might Also Like...

Show Comments

Extras

Top Quizzes Today


Score Distribution

Your Account Isn't Verified!

In order to create a playlist on Sporcle, you need to verify the email address you used during registration. Go to your Sporcle Settings to finish the process.